00000000nam 2200000zi 4500
0019.945481
003CaOODSP
00520250224144122
006m     o  d f      
007cr mn|||||||||
008241122e198001  onc     os   f000 0 fre d
040 |aCaOODSP|bfre|erda|cCaOODSP
0861 |aC2-670/1980F-PDF
24500|aÉtude du marché mondial des légumes secs.
264 1|a[Ottawa] : |bGouvernement du Canada, Industrie et commerce = Government of Canada, Industry, Trade and Commerce, |cjanvier 1980.
300 |a1 ressource en ligne (197 pages)
336 |atexte|btxt|2rdacontent/fre
337 |ainformatique|bc|2rdamedia/fre
338 |aressource en ligne|bcr|2rdacarrier/fre
500 |aÉdition numérisée de l'imprimé [par Innovation, sciences et développement économique Canada].
500 |aPublié aussi en anglais sous le titre : World pulses market survey.
650 6|aLégumineuses|vStatistiques.
650 6|aLégumineuses|xCommercialisation|vStatistiques.
655 7|aStatistiques|2rvmgf
7101 |aCanada. |bIndustrie et commerce, |eorganisme de publication.
77508|tWorld pulses market survey.|w(CaOODSP)9.932924
85640|qPDF|s1.97 Mo|uhttps://publications.gc.ca/collections/collection_2024/isde-ised/c2/C2-670-1980-fra.pdf